Movies Quiz

Random Movies or Food Quiz

Dining With Disney Quiz Stats

 Plays Quiz Updated Aug 26, 2017

     
Support Sporcle.
Go Orange.
Score 0/20 Timer 05:00
4 Plays Today
% Correct
Lady & the Tramp
91.6%
Brave
81.6%
Ratatouille
79%
Aladdin
78.7%
The Lion King
76.7%
Alice in Wonderland
75.5%
Snow White
and the Seven Dwarfs
75%
Beauty and the Beast
72.2%
Mulan
63.8%
Zootopia
63.4%
% Correct
Pinocchio
62.4%
The Jungle Book
62.1%
Hercules
61.3%
Frozen
60.7%
Tangled
55.8%
The Little Mermaid
55.7%
Cinderella
55.2%
The Emperor's
New Groove
54.7%
The Princess
and the Frog
54.2%
Pocahontas
45.1%

From the Vault

Festive Words on Broadway!

by Purple_Parrot

Holiday 4m
As if Broadway could get any more festive.
Remove Ads.
Support Sporcle.
Get the best of Sporcle when you Go Orange. This ad-free experience offers more features, more stats, and more fun while also helping to support Sporcle. Thank you for becoming a member.

Show Comments

Extras

Top Quizzes Today


Score Distribution

Your Account Isn't Verified!

In order to create a playlist on Sporcle, you need to verify the email address you used during registration. Go to your Sporcle Settings to finish the process.

Report this User

Report this user for behavior that violates our Community Guidelines.

Details: